Acerca de lo natural en el hombre: (Record no. 190079)

MARC details
000 -CABECERA
campo de control de longitud fija 01542cab a2200241 ab4500
005 - FECHA Y HORA DE LA ÚLTIMA TRANSACCIÓN
campo de control 20240806064225.0
008 - ELEMENTOS DE LONGITUD FIJA--INFORMACIÓN GENERAL
campo de control de longitud fija 991125c2015 ck fr p o 000 0 spa d
035 ## - NÚMERO DE CONTROL DEL SISTEMA
Número de control de sistema UPN01000217979
040 ## - FUENTE DE LA CATALOGACIÓN
Centro catalogador/agencia de origen MX-MxUPN
Lengua de catalogación spa
Centro/agencia transcriptor MX-MxUPN
Normas de descripción aacr2
049 ## - COLECCIÓN
Colección ART-E
100 1# - ASIENTO PRINCIPAL--NOMBRE PERSONAL
Nombre de persona Martínez Torres, Juan José
245 10 - MENCIÓN DE TÍTULO
Título Acerca de lo natural en el hombre:
Resto del título reflexiones a propósito de los conceptos de instinto y pulsión en el psicoanálisis
Medio [recurso electrónico en línea]
506 0# - NOTA DE RESTRICCIONES AL ACCESO
Limitaciones de acceso Acceso abierto
520 3# - NOTA DE RESUMEN, ETC.
Sumario, etc. Los conceptos de pulsión e instinto son fundamentales para comprender las bases de lo que podría llamarse “naturaleza humana”. No obstante, al perseguir tales conceptos, la naturaleza misma del ser humano, se tambalea. A lo largo del presente escrito, procura darse cuenta de la paradoja entre los conceptos de pulsión e instinto, pero al mismo tiempo, de la imposibilidad de prescindir de uno u otro para dar cuenta de aquello que pudiera constituirse como factor diferencial entre el ser humano y las demás especies. Es pues, un recorrido por algunos de los conceptos planteados por Freud y Lacan, a propósito de las pulsiones y los instintos. Poiesis.
650 #4 - ASIENTO SECUNDARIO DE MATERIA - TERMINO TEMATICO
Término de materia o nombre geográfico como elemento de entrada Psicoanálisis
9 (RLIN) 1572
653 0# - TERMINO DE INDIZACION - NO CONTROLADO
Término no controlado Conceptos
653 0# - TERMINO DE INDIZACION - NO CONTROLADO
Término no controlado Naturaleza humana
773 ## - ENLACE AL DOCUMENTO FUENTE/ENTRADA DE REGISTRO ANFITRIÓN
Parte(s) relacionada(s) No. 29 (2015), p. 1-6
Título Poiesis: revista electrónica de psicología social
Número Internacional Normalizado para Publicaciones Seriadas 1692-0945
856 4# - LOCALIZACIÓN Y ACCESO ELECTRÓNICOS
Identificador Uniforme del Recurso <a href="http://www.funlam.edu.co/revistas/index.php/poiesis/article/view/1546/1321">http://www.funlam.edu.co/revistas/index.php/poiesis/article/view/1546/1321</a>
902 ## - ELEMENTOS DE DATOS B LOCAL, LDB (RLIN)
Modificó Leonor Sotres/061123
905 ## - TIPO DE MATERIAL
Tipo de material Articulo
942 ## - ELEMENTOS DE PUNTO DE ACCESO ADICIONAL (KOHA)
Tipo de ítem Koha Artículo Electrónico
Holdings
Estado de retiro Estado de pérdida Estado dañado No para préstamo Código de colección Localización permanente Ubicación/localización actual Ubicación en estantería Fecha de adquisición Total de préstamos Fecha visto por última vez Identificador Uniforme del Recurso Precio válido a partir de Tipo de ítem Koha
        Acceso abierto Bib. Gregorio Torres Quintero Bib. Gregorio Torres Quintero En línea 06/11/2023   06/11/2023 http://www.funlam.edu.co/revistas/index.php/poiesis/article/view/1546/1321 06/11/2023 Artículo Electrónico